000 00938nam a2200217 i 4500
001 184879
003 ES-MaACL
005 20250719063327.0
008 160215s1870 sp |||| | spa d
100 1 _aPintado y Jordán, Galo
_eaut
_9158752
245 1 0 _aAnatomía compendiada o Cuadros de anatomía /
_cpor Galo Pintado y Jordán.
246 1 _aCuadros de anatomía
260 _aMadrid :
_b[s.n.],
_c1870
_f(Imp. a cargo de Tomás Alonso)
300 _a61 hojas ;
_c25 cm.
650 7 _aAnatomía humana
_2embne
_99801
852 _aES-MaACL
_cDEPOF
_fSello de Los Escolares Médicos
_gDedicatoria autógrafa de Manuel Tolosa Latour a la Biblioteca de Los Escolares Médicos
_jT-387-F-5
_xEnc. en un vol. facticio
852 _aES-MaACL
_jG-9955
_cSPP3
_gFirma manuscrita de Gustavo Sáenz Díez
_hLegado Gustavo Sáenz Díez
942 _2udc
_cMONANT
_n0
999 _c184879
_d184879